[Event "FICGS class C 000230 email"]
[Site "FICGS email"]
[Date "2016.01.04"]
[Round "1"]
[White "Dikant, Christophe"]
[Black "Jacon, Marcel"]
[Result "0-1"]
[WhiteElo "1691"]
[BlackElo "1628"]
[PlyCount "68"]
[EventDate "2016.??.??"]
[EventType "tourn (corr)"]
[EventRounds "4"]
[SourceTitle "Corr 2022"]
[Source "ChessBase"]
[SourceDate "2021.10.24"]
[SourceVersion "1"]
[SourceVersionDate "2021.10.24"]
[SourceQuality "1"]

1. d4 Nf6 2. Bf4 d5 3. e3 Bf5 4. c4 Bxb1 5. Rxb1 c6 6. b4 dxc4 7. Bxc4 Nbd7 8. Nf3 Nb6 9. Qb3 Nxc4 10. Qxc4 Qd5 11. Qe2 Ne4 12. Qc2 f6 13. 0-0 g5 14. Bg3 h5 15. h3 g4 16. Nh4 Bh6 17. Bf4 gxh3 18. g3 Bg5 19. Kh2 Bxh4 20. gxh4 Nd2 21. e4 Nxf1+ 22. Rxf1 Qxd4 23. Rd1 Qxb4 24. Rb1 Qa3 25. Rb3 Qa4 26. Qe2 0-0-0 27. Kxh3 e5 28. Bg3 c5 29. Rc3 Qc6 30. Qc2 b6 31. Rd3 Rxd3 32. Qxd3 c4 33. Qc2 c3 34. Kh2 Rd8 0-1

[Event "FICGS class C 000230 email"]
[Site "FICGS email"]
[Date "2016.01.04"]
[Round "1"]
[White "Dikant, Christophe"]
[Black "Pinkall Pollei, Rich"]
[Result "0-1"]
[WhiteElo "1691"]
[BlackElo "1900"]
[PlyCount "30"]
[EventDate "2016.??.??"]
[EventType "tourn (corr)"]
[EventRounds "4"]
[SourceTitle "Corr 2022"]
[Source "ChessBase"]
[SourceDate "2021.10.24"]
[SourceVersion "1"]
[SourceVersionDate "2021.10.24"]
[SourceQuality "1"]

1. d4 Nf6 2. Bf4 g6 3. e3 Bg7 4. Nf3 0-0 5. Be2 d6 6. 0-0 c5 7. c3 b6 8. a4 a6 9. h3 Bb7 10. Nbd2 Nbd7 11. Bh2 Qc7 12. Qb1 Rac8 13. dxc5 Nxc5 14. Nd4 e5 15. N4f3 Rfd8 0-1

[Event "FICGS class C 000230 email"]
[Site "FICGS email"]
[Date "2016.01.04"]
[Round "1"]
[White "Domingo Gadea, Jordi"]
[Black "Dikant, Christophe"]
[Result "1-0"]
[WhiteElo "1854"]
[BlackElo "1691"]
[PlyCount "43"]
[EventDate "2016.??.??"]
[EventType "tourn (corr)"]
[EventRounds "4"]
[SourceTitle "Corr 2022"]
[Source "ChessBase"]
[SourceDate "2021.10.24"]
[SourceVersion "1"]
[SourceVersionDate "2021.10.24"]
[SourceQuality "1"]

1. g4 d5 2. Bg2 Bxg4 3. c4 c6 4. Qb3 Nf6 5. Nc3 d4 6. Qxb7 Nbd7 7. Nb5 cxb5 8. Qxa8 Qxa8 9. Bxa8 bxc4 10. b3 Nb6 11. Bc6+ Bd7 12. Bxd7+ Nfxd7 13. bxc4 Nxc4 14. d3 Ncb6 15. f4 e5 16. Nf3 f6 17. fxe5 fxe5 18. Rg1 h6 19. Rg6 Kf7 20. Rc6 g5 21. Rb1 Be7 22. Rb5 1-0

[Event "FICGS class C 000229 email"]
[Site "FICGS email"]
[Date "2015.12.10"]
[Round "1"]
[White "Bullerkotte, Frank"]
[Black "Dikant, Christophe"]
[Result "1-0"]
[WhiteElo "1705"]
[BlackElo "1682"]
[PlyCount "59"]
[EventDate "2015.??.??"]
[EventType "tourn (corr)"]
[EventRounds "1"]
[SourceTitle "Corr 2022"]
[Source "ChessBase"]
[SourceDate "2021.10.24"]
[SourceVersion "1"]
[SourceVersionDate "2021.10.24"]
[SourceQuality "1"]

1. d4 d6 2. c4 e5 3. Nc3 exd4 4. Qxd4 Nc6 5. Qd2 Nf6 6. b3 a5 7. f3 Be6 8. e4 Nd7 9. Nd5 Nc5 10. Bb2 Ne5 11. f4 Ng4 12. Qe2 Bd7 13. Nf3 c6 14. h3 cxd5 15. exd5+ Qe7 16. Qxe7+ Kxe7 17. hxg4 Bxg4 18. Be2 f6 19. Nd4 Bd7 20. f5 Be8 21. Ne6 Nxe6 22. fxe6 Bg6 23. Kd2 Ke8 24. Bd3 Bxd3 25. Kxd3 Ke7 26. Bd4 g6 27. g4 Bg7 28. c5 Rac8 29. Rac1 h6 30. Rc4 1-0

[Event "FICGS class C 000229 email"]
[Site "FICGS email"]
[Date "2015.12.10"]
[Round "1"]
[White "Dyson, John"]
[Black "Dikant, Christophe"]
[Result "1-0"]
[WhiteElo "1979"]
[BlackElo "1682"]
[PlyCount "43"]
[EventDate "2015.??.??"]
[EventType "tourn (corr)"]
[EventRounds "1"]
[SourceTitle "Corr 2022"]
[Source "ChessBase"]
[SourceDate "2021.10.24"]
[SourceVersion "1"]
[SourceVersionDate "2021.10.24"]
[SourceQuality "1"]

1. d4 d6 2. e4 Nf6 3. Nc3 e5 4. dxe5 dxe5 5. Qxd8+ Kxd8 6. Bg5 Bd6 7. 0-0-0 Nbd7 8. Nf3 a6 9. Bxf6+ gxf6 10. Nd5 b5 11. g3 Bb7 12. Nh4 Bxd5 13. Rxd5 Nb6 14. Rd3 Ke8 15. Be2 Rd8 16. Rhd1 Be7 17. Rxd8+ Bxd8 18. c3 Be7 19. Kc2 Nc8 20. a4 Nd6 21. axb5 axb5 22. b4 1-0

[Event "FICGS class C 000229 email"]
[Site "FICGS email"]
[Date "2015.12.10"]
[Round "1"]
[White "Satonnet, Patrick"]
[Black "Dikant, Christophe"]
[Result "1-0"]
[WhiteElo "1770"]
[BlackElo "1682"]
[PlyCount "23"]
[EventDate "2015.??.??"]
[EventType "tourn (corr)"]
[EventRounds "1"]
[SourceTitle "Corr 2022"]
[Source "ChessBase"]
[SourceDate "2021.10.24"]
[SourceVersion "1"]
[SourceVersionDate "2021.10.24"]
[SourceQuality "1"]

1. Nf3 d6 2. c4 e5 3. Nc3 f5 4. g3 Nf6 5. Bg2 Be7 6. 0-0 0-0 7. d4 e4 8. Ng5 c6 9. d5 h6 10. Nh3 Nbd7 11. f3 Ne5 12. b3 1-0

[Event "FICGS class C 000226 email"]
[Site "FICGS email"]
[Date "2015.10.14"]
[Round "1"]
[White "Duenas, Alexis"]
[Black "Dikant, Christophe"]
[Result "1-0"]
[WhiteElo "1901"]
[BlackElo "1706"]
[PlyCount "41"]
[EventDate "2015.??.??"]
[EventType "tourn (corr)"]
[EventRounds "1"]
[SourceTitle "Corr 2022"]
[Source "ChessBase"]
[SourceDate "2021.10.24"]
[SourceVersion "1"]
[SourceVersionDate "2021.10.24"]
[SourceQuality "1"]

1. d4 d6 2. e4 Nf6 3. Nc3 e5 4. dxe5 dxe5 5. Qxd8+ Kxd8 6. Nf3 Bd6 7. Be3 Be6 8. Ng5 Ke7 9. f3 Nbd7 10. Nxe6 Kxe6 11. 0-0-0 a6 12. g4 h6 13. h4 Rad8 14. g5 hxg5 15. hxg5 Nh5 16. Bh3+ Ke7 17. Nd5+ Ke8 18. Bg4 g6 19. c4 c6 20. Nb6 Nf8 21. Bc8 1-0

[Event "FICGS rapid C 000123 email"]
[Site "FICGS email"]
[Date "2015.03.06"]
[Round "1"]
[White "Dikant, Christophe"]
[Black "Faust, Dieter"]
[Result "1/2-1/2"]
[WhiteElo "1621"]
[BlackElo "1729"]
[PlyCount "54"]
[EventDate "2015.??.??"]
[EventType "tourn (rapid)"]
[EventRounds "4"]
[SourceTitle "Corr 2022"]
[Source "ChessBase"]
[SourceDate "2021.10.24"]
[SourceVersion "1"]
[SourceVersionDate "2021.10.24"]
[SourceQuality "1"]

1. d4 Nf6 2. Bf4 d5 3. e3 g6 4. Nf3 Bg7 5. Be2 0-0 6. 0-0 c5 7. c3 b6 8. Nbd2 Nc6 9. Ne5 Nxe5 10. Bxe5 Bb7 11. Nf3 Ne4 12. Bxg7 Kxg7 13. Ne5 f6 14. Nd3 Qd6 15. f3 Ng5 16. f4 Ne4 17. Nf2 Rac8 18. Nxe4 dxe4 19. dxc5 Qxc5 20. Qd4 Qxd4 21. exd4 Rc7 22. f5 Bd5 23. g4 Kf7 24. Kf2 b5 25. Ke3 Rb8 26. a3 a5 27. Rac1 Rcc8 1/2-1/2

[Event "FICGS class C 000219 email"]
[Site "FICGS email"]
[Date "2015.02.23"]
[Round "1"]
[White "Ocloz, Laurie"]
[Black "Dikant, Christophe"]
[Result "1-0"]
[WhiteElo "1800"]
[BlackElo "1651"]
[PlyCount "55"]
[EventDate "2015.??.??"]
[EventType "tourn (corr)"]
[EventRounds "4"]
[SourceTitle "Corr 2022"]
[Source "ChessBase"]
[SourceDate "2021.10.24"]
[SourceVersion "1"]
[SourceVersionDate "2021.10.24"]
[SourceQuality "1"]

1. e4 d5 2. exd5 Qxd5 3. Nf3 Bg4 4. Be2 Nc6 5. d4 0-0-0 6. Be3 Nf6 7. 0-0 Qh5 8. h3 e5 9. c3 e4 10. hxg4 Nxg4 11. Nh4 f5 12. Bxg4 fxg4 13. g3 g5 14. Ng2 Ne5 15. dxe5 Rxd1 16. Rxd1 Be7 17. c4 Qg6 18. Nc3 c6 19. Bxa7 Rd8 20. Rxd8+ Bxd8 21. c5 Kd7 22. Rd1+ Ke8 23. Bb8 Qf5 24. Ne3 Qf3 25. Rd6 h5 26. Rh6 Be7 27. Bd6 Qf8 28. Re6 1-0

[Event "FICGS class C 000213 email"]
[Site "FICGS email"]
[Date "2014.09.16"]
[Round "1"]
[White "Barbosa, Edinardo"]
[Black "Dikant, Christophe"]
[Result "1-0"]
[WhiteElo "1663"]
[BlackElo "1714"]
[PlyCount "67"]
[EventDate "2014.??.??"]
[EventType "tourn (corr)"]
[EventRounds "4"]
[SourceTitle "Corr 2022"]
[Source "ChessBase"]
[SourceDate "2021.10.24"]
[SourceVersion "1"]
[SourceVersionDate "2021.10.24"]
[SourceQuality "1"]

1. d4 d6 2. c4 e5 3. dxe5 dxe5 4. Qxd8+ Kxd8 5. Nc3 Be6 6. e4 c6 7. Nf3 f6 8. Be3 Nd7 9. a3 a5 10. Rd1 Kc7 11. Be2 Bd6 12. 0-0 Ne7 13. Rc1 Kb8 14. Rfd1 Nc8 15. Nd2 Rd8 16. Na4 Be7 17. c5 Nf8 18. Nc4 Rxd1+ 19. Rxd1 Kc7 20. f4 Bxc4 21. Bxc4 Na7 22. fxe5 fxe5 23. Rf1 Bf6 24. g4 Rd8 25. g5 Be7 26. Rf7 Rd1+ 27. Kf2 Kd8 28. Rxg7 Rh1 29. Kg2 Rd1 30. h4 Nc8 31. Be2 Re1 32. Nc3 Na7 33. Bd2 Ra1 34. Na4 1-0

[Event "FICGS class C 000213 email"]
[Site "FICGS email"]
[Date "2014.09.16"]
[Round "1"]
[White "Dikant, Christophe"]
[Black "Ropokis, Dimitrios"]
[Result "1-0"]
[WhiteElo "1714"]
[BlackElo "1616"]
[PlyCount "57"]
[EventDate "2014.??.??"]
[EventType "tourn (corr)"]
[EventRounds "4"]
[SourceTitle "Corr 2022"]
[Source "ChessBase"]
[SourceDate "2021.10.24"]
[SourceVersion "1"]
[SourceVersionDate "2021.10.24"]
[SourceQuality "1"]

1. d4 b6 2. Nf3 Bb7 3. Bf4 e6 4. e3 c5 5. c3 cxd4 6. exd4 Nf6 7. Bd3 Nh5 8. Be3 Be7 9. 0-0 0-0 10. Ng5 Nf6 11. Nd2 h6 12. Ngf3 Qc7 13. Qe2 Nd5 14. Ne5 Nc6 15. f4 a5 16. Rf3 d6 17. Nxc6 Bxc6 18. Rg3 f5 19. Qh5 Rf6 20. Re1 b5 21. Nf3 Be8 22. Qh3 a4 23. Bd2 a3 24. b4 Qc8 25. Rc1 Ra7 26. c4 bxc4 27. Rxc4 Qb7 28. Ne1 Bd8 29. Bb1 1-0

[Event "FICGS class C 000209 email"]
[Site "FICGS email"]
[Date "2014.04.10"]
[Round "1"]
[White "Dikant, Christophe"]
[Black "Sayers, Michael"]
[Result "0-1"]
[WhiteElo "1670"]
[BlackElo "1800"]
[PlyCount "58"]
[EventDate "2014.??.??"]
[EventType "tourn (corr)"]
[EventRounds "4"]
[SourceTitle "Corr 2022"]
[Source "ChessBase"]
[SourceDate "2021.10.24"]
[SourceVersion "1"]
[SourceVersionDate "2021.10.24"]
[SourceQuality "1"]

1. d4 d5 2. Nf3 Nf6 3. e3 Bf5 4. c4 e6 5. Qb3 Qc8 6. Nc3 c6 7. Bd2 h6 8. Rc1 Nbd7 9. cxd5 exd5 10. Be2 Be7 11. 0-0 Qb8 12. a3 0-0 13. Qd1 Bd6 14. g3 Nb6 15. b4 Nc4 16. Bxc4 dxc4 17. Nh4 Bd3 18. Re1 a5 19. bxa5 Bxa3 20. Ra1 Bb2 21. Ra2 Bxc3 22. Bxc3 b5 23. Bb4 Re8 24. Ng2 Nd5 25. Qd2 Qd8 26. Bc5 Be4 27. Rea1 Qf6 28. f4 c3 29. Qf2 b4 0-1

[Event "FICGS class C 000209 email"]
[Site "FICGS email"]
[Date "2014.04.10"]
[Round "1"]
[White "Dikant, Christophe"]
[Black "Timkin, Nikolay"]
[Result "0-1"]
[WhiteElo "1670"]
[BlackElo "1726"]
[PlyCount "58"]
[EventDate "2014.??.??"]
[EventType "tourn (corr)"]
[EventRounds "4"]
[SourceTitle "Corr 2022"]
[Source "ChessBase"]
[SourceDate "2021.10.24"]
[SourceVersion "1"]
[SourceVersionDate "2021.10.24"]
[SourceQuality "1"]

1. d4 Nf6 2. Nf3 e6 3. e3 d5 4. Bd3 c5 5. b3 Nc6 6. Bb2 b6 7. 0-0 Bd6 8. Nbd2 0-0 9. Ne5 Bb7 10. f4 Rc8 11. a3 Nd7 12. Nxd7 Qxd7 13. dxc5 Bxc5 14. Bxh7+ Kxh7 15. Qh5+ Kg8 16. Bxg7 Bxe3+ 17. Kh1 f5 18. Qh8+ Kf7 19. Bxf8 Rxf8 20. Qh7+ Ke8 21. Qxd7+ Kxd7 22. Rad1 Nd4 23. Nf3 Nxc2 24. Ne5+ Kd6 25. Nc4+ Ke7 26. Ne5 Rg8 27. Rf3 d4 28. Rg3 Rxg3 29. hxg3 Ba6 0-1

[Event "FICGS class C 000209 email"]
[Site "FICGS email"]
[Date "2014.04.10"]
[Round "1"]
[White "Vollmer, Steve"]
[Black "Dikant, Christophe"]
[Result "0-1"]
[WhiteElo "1634"]
[BlackElo "1670"]
[PlyCount "56"]
[EventDate "2014.??.??"]
[EventType "tourn (corr)"]
[EventRounds "4"]
[SourceTitle "Corr 2022"]
[Source "ChessBase"]
[SourceDate "2021.10.24"]
[SourceVersion "1"]
[SourceVersionDate "2021.10.24"]
[SourceQuality "1"]

1. e4 d5 2. exd5 Qxd5 3. Nf3 Bg4 4. Be2 Nf6 5. 0-0 Nc6 6. Nc3 Qh5 7. d3 0-0-0 8. Be3 e5 9. Qc1 Nd4 10. Bxd4 exd4 11. Ne4 Nxe4 12. dxe4 Bd6 13. h3 Bxf3 14. Bxf3 Qe5 15. g3 h5 16. h4 f6 17. Bg2 g5 18. f4 gxf4 19. gxf4 Qc5 20. Kh1 Rdg8 21. Rf3 Kb8 22. Bh3 Qc6 23. Bf5 Rg4 24. Kh2 Rg7 25. Rg3 Rhg8 26. Rxg7 Rxg7 27. Kh3 Qc4 28. Qd1 Bxf4 0-1

[Event "FICGS W-ch st1 g07 email"]
[Site "FICGS email"]
[Date "2014.03.03"]
[Round "1"]
[White "Dikant, Christophe"]
[Black "Batal, Jean"]
[Result "0-1"]
[WhiteElo "1670"]
[BlackElo "2056"]
[PlyCount "68"]
[EventDate "2014.??.??"]
[EventType "tourn (corr)"]
[EventRounds "8"]
[SourceTitle "Corr 2022"]
[Source "ChessBase"]
[SourceDate "2021.10.24"]
[SourceVersion "1"]
[SourceVersionDate "2021.10.24"]
[SourceQuality "1"]

1. d4 Nf6 2. Nf3 d6 3. e3 g6 4. Be2 Bg7 5. b3 0-0 6. Bb2 Nbd7 7. c4 c6 8. 0-0 Qc7 9. Nbd2 e5 10. dxe5 dxe5 11. Qc2 Re8 12. e4 a5 13. Rfd1 Nc5 14. a3 Nh5 15. b4 Nf4 16. Bf1 Na6 17. Bc3 axb4 18. axb4 c5 19. b5 Nb4 20. Bxb4 Rxa1 21. Rxa1 cxb4 22. Qb2 Bf8 23. Ra8 Rd8 24. Nb3 Nd3 25. Qc2 Nc5 26. Nxc5 Bxc5 27. h3 b6 28. Qa2 Bb7 29. Rxd8+ Qxd8 30. Nxe5 Bxe4 31. Nc6 Qf6 32. Qa8+ Kg7 33. Qa2 b3 34. Qe2 b2 0-1

[Event "FICGS W-ch st1 g07 email"]
[Site "FICGS email"]
[Date "2014.03.03"]
[Round "1"]
[White "Dikant, Christophe"]
[Black "Domingo Gadea, Jordi"]
[Result "0-1"]
[WhiteElo "1670"]
[BlackElo "1948"]
[PlyCount "52"]
[EventDate "2014.??.??"]
[EventType "tourn (corr)"]
[EventRounds "8"]
[SourceTitle "Corr 2022"]
[Source "ChessBase"]
[SourceDate "2021.10.24"]
[SourceVersion "1"]
[SourceVersionDate "2021.10.24"]
[SourceQuality "1"]

1. d4 d5 2. Nf3 c5 3. e3 Nf6 4. b3 Nc6 5. Bb2 cxd4 6. exd4 Bg4 7. Be2 e6 8. 0-0 Bd6 9. Nbd2 0-0 10. h3 Bf5 11. Nh4 Be4 12. Nhf3 Qc7 13. c4 Rfd8 14. c5 Bf4 15. a3 Bg6 16. b4 Ne4 17. b5 Ne7 18. Nxe4 dxe4 19. Nh4 e3 20. Nxg6 hxg6 21. Bg4 exf2+ 22. Kh1 Be3 23. Qf3 Nd5 24. Qe2 f5 25. Bf3 Qg3 26. Bxd5 Bf4 0-1

[Event "FICGS rapid C 000116 email"]
[Site "FICGS email"]
[Date "2013.12.04"]
[Round "1"]
[White "Mazo, Joel"]
[Black "Dikant, Christophe"]
[Result "0-1"]
[WhiteElo "1618"]
[BlackElo "1697"]
[PlyCount "88"]
[EventDate "2013.??.??"]
[EventType "tourn (rapid)"]
[EventRounds "4"]
[SourceTitle "Corr 2022"]
[Source "ChessBase"]
[SourceDate "2021.10.24"]
[SourceVersion "1"]
[SourceVersionDate "2021.10.24"]
[SourceQuality "1"]

1. e4 d6 2. d4 Nf6 3. Bd3 e5 4. Nf3 exd4 5. Nxd4 a6 6. 0-0 Be7 7. Nc3 0-0 8. Re1 Ne8 9. Nf5 Bxf5 10. exf5 Nf6 11. Bg5 Nc6 12. Ne4 Nxe4 13. Bxe7 Nxe7 14. Bxe4 Nc6 15. Re3 Re8 16. Qh5 Qf6 17. Rae1 Re5 18. g4 g6 19. Qh3 g5 20. Qh5 h6 21. h4 d5 22. hxg5 Qxg5 23. Qxg5+ hxg5 24. Bd3 f6 25. Kg2 Rae8 26. a3 Rxe3 27. fxe3 Ne5 28. Kg3 Kg7 29. e4 d4 30. Rh1 c5 31. b3 b5 32. Ra1 c4 33. bxc4 bxc4 34. Be2 Rb8 35. Ra2 Rb1 36. a4 a5 37. Kf2 Kf8 38. Kg2 Ke7 39. Kf2 Kd6 40. c3 d3 41. Bf3 Rb3 42. Ke3 Nxf3 43. Kxf3 Rxc3 44. Ke3 Ke5 0-1

[Event "FICGS rapid C 000116 email"]
[Site "FICGS email"]
[Date "2013.12.04"]
[Round "1"]
[White "Nudo, Davide"]
[Black "Dikant, Christophe"]
[Result "1-0"]
[WhiteElo "1699"]
[BlackElo "1697"]
[PlyCount "39"]
[EventDate "2013.??.??"]
[EventType "tourn (rapid)"]
[EventRounds "4"]
[SourceTitle "Corr 2022"]
[Source "ChessBase"]
[SourceDate "2021.10.24"]
[SourceVersion "1"]
[SourceVersionDate "2021.10.24"]
[SourceQuality "1"]

1. e4 d5 2. exd5 Nf6 3. Nf3 Bg4 4. c4 c6 5. Nc3 cxd5 6. Qb3 Qb6 7. Ne5 Be6 8. cxd5 Qxb3 9. axb3 Nxd5 10. Bb5+ Kd8 11. Bc4 Nxc3 12. Bxe6 fxe6 13. dxc3 Ke8 14. Be3 a6 15. 0-0-0 g6 16. Bb6 Nc6 17. Nd7 Bh6+ 18. Kb1 Kf7 19. Rhe1 Bg7 20. Nc5 1-0

[Event "FICGS class C 000203 email"]
[Site "FICGS email"]
[Date "2013.10.13"]
[Round "1"]
[White "Dikant, Christophe"]
[Black "Hilbert, Stephan"]
[Result "1-0"]
[WhiteElo "1704"]
[BlackElo "1755"]
[PlyCount "55"]
[EventDate "2013.??.??"]
[EventType "tourn (corr)"]
[EventRounds "4"]
[SourceTitle "Corr 2022"]
[Source "ChessBase"]
[SourceDate "2021.10.24"]
[SourceVersion "1"]
[SourceVersionDate "2021.10.24"]
[SourceQuality "1"]

1. d4 b5 2. e4 Bb7 3. Nd2 Nf6 4. Bd3 e6 5. Ngf3 a6 6. 0-0 c5 7. dxc5 Bxc5 8. e5 Ng4 9. h3 Nh6 10. Ne4 Be7 11. Bxh6 gxh6 12. Qd2 Bg5 13. Nfxg5 hxg5 14. Nd6+ Kf8 15. Nxb7 Qe7 16. Nd6 Nc6 17. Be4 Rd8 18. Bxc6 dxc6 19. Qe3 h6 20. Ne4 Kg7 21. Rad1 Rd5 22. Nc3 Rxd1 23. Rxd1 c5 24. Rd6 Rc8 25. Qd2 Rc7 26. Ne4 b4 27. Nf6 a5 28. Qd3 1-0

[Event "FICGS class C 000203 email"]
[Site "FICGS email"]
[Date "2013.10.13"]
[Round "1"]
[White "Dikant, Christophe"]
[Black "Ward, David"]
[Result "1-0"]
[WhiteElo "1704"]
[BlackElo "1745"]
[PlyCount "153"]
[EventDate "2013.??.??"]
[EventType "tourn (corr)"]
[EventRounds "4"]
[SourceTitle "Corr 2022"]
[Source "ChessBase"]
[SourceDate "2021.10.24"]
[SourceVersion "1"]
[SourceVersionDate "2021.10.24"]
[SourceQuality "1"]

1. d4 Nf6 2. Nf3 g6 3. e3 Bg7 4. Be2 0-0 5. 0-0 d6 6. c4 b6 7. Nc3 Bb7 8. Nd2 Nbd7 9. Bf3 Bxf3 10. Qxf3 e5 11. d5 a6 12. e4 Nh5 13. g3 a5 14. Qe2 a4 15. Nf3 Nc5 16. Be3 Nd7 17. Qc2 a3 18. b3 Re8 19. Rae1 Nf8 20. Bc1 Qd7 21. Nb5 f5 22. exf5 gxf5 23. Nh4 e4 24. Ng2 Ng6 25. Qe2 Nf6 26. Nf4 c6 27. dxc6 Qxc6 28. Nxg6 hxg6 29. Bf4 Red8 30. Rc1 Ng4 31. Rfd1 Ne5 32. Bxe5 Bxe5 33. Rd5 Kf7 34. Rcd1 Rd7 35. Qd2 Ke6 36. Qe3 Kf6 37. h4 Kf7 38. h5 Kf6 39. Qh6 Rg8 40. hxg6 Rgg7 41. Kf1 Ke6 42. Qg5 Qb7 43. g4 f4 44. Qf5+ Ke7 45. Qxe4 Kd8 46. f3 Qb8 47. Qf5 Ke8 48. Nxd6+ Bxd6 49. Qe6+ Kf8 50. Rxd6 Rxd6 51. Qxd6+ Qxd6 52. Rxd6 Re7 53. Rxb6 Re3 54. Rf6+ Kg7 55. Rxf4 Rc3 56. c5 Rc1+ 57. Ke2 Rc2+ 58. Ke3 Rxa2 59. Ra4 Ra1 60. Kf4 a2 61. c6 Rc1 62. Rxa2 Rxc6 63. Re2 Rb6 64. Re3 Kxg6 65. Kg3 Kf6 66. f4 Rb4 67. Rc3 Kg6 68. Rc6+ Kf7 69. f5 Rxb3+ 70. Kf4 Rb4+ 71. Kg5 Rb7 72. Rh6 Kg7 73. f6+ Kg8 74. Rh1 Rb4 75. Kf5 Rb5+ 76. Kg6 Rb7 77. g5 1-0

[Event "FICGS class C 000199 email"]
[Site "FICGS email"]
[Date "2013.04.30"]
[Round "1"]
[White "Dikant, Christophe"]
[Black "Boissier, Lucien"]
[Result "0-1"]
[WhiteElo "1621"]
[BlackElo "1760"]
[PlyCount "44"]
[EventDate "2013.??.??"]
[EventType "tourn (corr)"]
[EventRounds "4"]
[SourceTitle "Corr 2022"]
[Source "ChessBase"]
[SourceDate "2021.10.24"]
[SourceVersion "1"]
[SourceVersionDate "2021.10.24"]
[SourceQuality "1"]

1. d4 Nf6 2. Nf3 e6 3. e3 b6 4. Bd3 Bb7 5. Nbd2 Be7 6. b3 0-0 7. Bb2 Nc6 8. a3 a5 9. Qe2 d6 10. 0-0 d5 11. Ne5 Nxe5 12. dxe5 Nd7 13. Qh5 h6 14. Nf3 Nc5 15. Rac1 Nxd3 16. cxd3 a4 17. b4 c5 18. bxc5 bxc5 19. Qg4 Qb6 20. Rb1 Rfb8 21. Nd2 Ba6 22. Qe2 Qb5 0-1

[Event "FICGS class C 000199 email"]
[Site "FICGS email"]
[Date "2013.04.30"]
[Round "1"]
[White "Satonnet, Patrick"]
[Black "Dikant, Christophe"]
[Result "1-0"]
[WhiteElo "1641"]
[BlackElo "1621"]
[PlyCount "63"]
[EventDate "2013.??.??"]
[EventType "tourn (corr)"]
[EventRounds "4"]
[SourceTitle "Corr 2022"]
[Source "ChessBase"]
[SourceDate "2021.10.24"]
[SourceVersion "1"]
[SourceVersionDate "2021.10.24"]
[SourceQuality "1"]

1. e4 d6 2. Nf3 g6 3. d4 Bg7 4. Nc3 c6 5. Be2 Nd7 6. 0-0 Qc7 7. Be3 e5 8. Qd2 Ngf6 9. dxe5 dxe5 10. h3 0-0 11. Rad1 Re8 12. Bc4 Nb6 13. Bb3 Be6 14. Bxe6 Rxe6 15. Qe2 Rd6 16. a4 Rxd1 17. Rxd1 Qe7 18. a5 Nbd7 19. Qc4 a6 20. Qb3 Nf8 21. Qb6 Ne8 22. Bc5 Qc7 23. Bxf8 Kxf8 24. Qxc7 Nxc7 25. Rd7 Rc8 26. Na4 Ke8 27. Nb6 Bf6 28. g3 h6 29. Kg2 Ne6 30. Rxb7 Rd8 31. Nc4 Nd4 32. c3 1-0

[Event "FICGS rapid C 000111 email"]
[Site "FICGS email"]
[Date "2013.03.09"]
[Round "1"]
[White "Uzzaman, Ashik"]
[Black "Dikant, Christophe"]
[Result "0-1"]
[WhiteElo "1527"]
[BlackElo "1621"]
[PlyCount "34"]
[EventDate "2013.??.??"]
[EventType "tourn (rapid)"]
[EventRounds "4"]
[SourceTitle "Corr 2022"]
[Source "ChessBase"]
[SourceDate "2021.10.24"]
[SourceVersion "1"]
[SourceVersionDate "2021.10.24"]
[SourceQuality "1"]

1. e4 d5 2. exd5 Nf6 3. d4 Bg4 4. f3 Bf5 5. c4 e6 6. dxe6 Nc6 7. exf7+ Kxf7 8. Be3 Bb4+ 9. Kf2 Re8 10. a3 Rxe3 11. axb4 Nxb4 12. Kxe3 Nc2+ 13. Kf4 Qd6+ 14. Kxf5 Nxd4+ 15. Qxd4 Qxd4 16. g4 h6 17. Ne2 g6# 0-1

[Event "FICGS rapid C 000110 email"]
[Site "FICGS email"]
[Date "2013.02.21"]
[Round "1"]
[White "Dikant, Christophe"]
[Black "Wilson, Jaimie"]
[Result "0-1"]
[WhiteElo "1640"]
[BlackElo "1667"]
[PlyCount "54"]
[EventDate "2013.??.??"]
[EventType "tourn (rapid)"]
[EventRounds "4"]
[SourceTitle "Corr 2022"]
[Source "ChessBase"]
[SourceDate "2021.10.24"]
[SourceVersion "1"]
[SourceVersionDate "2021.10.24"]
[SourceQuality "1"]

1. d4 d5 2. Nf3 c5 3. e3 Nc6 4. c3 e6 5. Bd3 Nf6 6. Nbd2 Bd6 7. 0-0 0-0 8. Qe2 Qc7 9. dxc5 Bxc5 10. e4 h6 11. Bc2 b6 12. Kh1 Bb7 13. h3 Ne5 14. Nxe5 Qxe5 15. Nf3 Qh5 16. e5 Ne4 17. Bf4 f6 18. exf6 Rxf6 19. Bh2 Raf8 20. b4 Rxf3 21. gxf3 Ba6 22. Bd3 Bxd3 23. Qxd3 Rxf3 24. Qe2 Bd6 25. Qxf3 Qxf3+ 26. Kg1 Bxh2+ 27. Kxh2 Ng5 0-1

[Event "FICGS class C 000197 email"]
[Site "FICGS email"]
[Date "2013.02.02"]
[Round "1"]
[White "Dikant, Christophe"]
[Black "Hancock, Sarah"]
[Result "1-0"]
[WhiteElo "1640"]
[BlackElo "1727"]
[PlyCount "25"]
[EventDate "2013.??.??"]
[EventType "tourn (corr)"]
[EventRounds "4"]
[SourceTitle "Corr 2022"]
[Source "ChessBase"]
[SourceDate "2021.10.24"]
[SourceVersion "1"]
[SourceVersionDate "2021.10.24"]
[SourceQuality "1"]

1. d4 d5 2. Nf3 Nf6 3. e3 Bf5 4. b3 e6 5. Bb2 c5 6. Nbd2 Nc6 7. a3 Rc8 8. Bd3 cxd4 9. Nxd4 Nxd4 10. Bxd4 Bc5 11. Bb5+ Kf8 12. Bxc5+ Rxc5 13. Bd3 1-0